Car Logos Quiz Stats

 Plays Quiz Updated Apr 20, 2021

Support Sporcle.
Go Orange.
Score 0/42 Timer 08:00
264 Plays Today
% Correct
Honda
95.1%
Toyota
94%
Jaguar
92.7%
Audi
92.6%
BMW
92.4%
Mercedes-Benz
90.9%
Chevrolet
88.8%
Lexus
85.8%
Mazda
85.2%
Hyundai
83.3%
Volkswagen
82.7%
Mitsubishi
82%
Ram
81.6%
Ferrari
79.4%
Subaru
79%
Nissan
76.5%
Suzuki
76.5%
Bentley
74.7%
Porsche
73%
Cadillac
70.5%
Infiniti
67.6%
% Correct
Volvo
65.6%
Chrysler
64.5%
Pontiac
62.7%
Lamborghini
59.8%
Buick
58.7%
Saturn
58.3%
Acura
58.3%
Saab
56.9%
Peugeot
50.6%
Fiat
50.4%
Aston Martin
50.2%
Alfa Romeo
47.6%
Renault
46.1%
Mercury
45.7%
Maserati
44.3%
Opel
42%
Citroën
39%
SEAT
36%
Vauxhall
29.6%
Daewoo
26.9%
Holden
16.3%

You're not logged in!

Compare scores with friends on all Sporcle quizzes.
OR
Log In

From the Vault

This Isn't About You, Harry!

by christopherjulia

That Harry, always trying to steal the spotlight.
Remove Ads.
Support Sporcle.
Get the best of Sporcle when you Go Orange. This ad-free experience offers more features, more stats, and more fun while also helping to support Sporcle. Thank you for becoming a member.

Show Comments

Extras

Top Quizzes Today


Score Distribution

Your Account Isn't Verified!

In order to create a playlist on Sporcle, you need to verify the email address you used during registration. Go to your Sporcle Settings to finish the process.

Report this User

Report this user for behavior that violates our Community Guidelines.

Details: